Kluby Betlic 2 Liga 2023/24 - Statystyki

Ogólne statystyki
  • Ten quiz został rozwiązany 13 razy
  • Średni wynik to 8 z 18
Statystyki odpowiedzi
Hint Odpowiedź % Poprawnych
10. ŁKS II Łódź
73%
16. Lech II Poznań
64%
6. Polonia Bytom
64%
11. GKS Jastrzębie
55%
8. Hutnik Kraków
55%
3. KKS Kalisz
55%
4. Stal Stalowa Wola
55%
9. Zagłębie II Lubin
55%
2. Kotwica Kołobrzeg
45%
13. Olimpia Elbląg
45%
1. Pogoń Siedlce
45%
18. Stomil Olsztyn
45%
5. Chojniczanka
36%
14. Olimpia Grudziądz
36%
15. Skra Częstochowa
36%
12. Wisła Puławy
36%
17. Sandecja Nowy Sącz
27%
7. Radunia Stężyca
9%
Nie znaleziono quizów pasujących do podanych kryteriów
Rozkład punktacji
Procent ludzi z każdym wynikiem
Percentyl według liczby udzielonych odpowiedzi
Twoja historia wyników
Nie rozwiązałeś tego quizu